| 000 | 00663nam a2200217Ia 4500 | ||
|---|---|---|---|
| 005 | 20230320142612.0 | ||
| 008 | 131103s9999 xx 000 0 und d | ||
| 020 |
_a271006447 _cRs 595 |
||
| 040 | _aLoreto College | ||
| 041 | _aEnglish | ||
| 082 |
_a822.8 _bIBS-JOH |
||
| 100 | _aJohnston, Brian | ||
| 245 |
_aText and supertext in Ibsen's drama _cBrian Johnston |
||
| 260 |
_aUniversity Park and London _bThe Pennsylvania State University Press _c1989 |
||
| 300 | _aviii,299p | ||
| 504 | _aIncludes bibliography and index | ||
| 650 | _aIbsen, Henrik, 1828-1906 | ||
| 651 | _aIbsen, Henrik-Criticism and interpretation | ||
| 850 | _aLCLIB | ||
| 942 | _cBK | ||
| 999 |
_c19244 _d69723 |
||